[Event "Nordkalotten - Brønshøj"]
[Site "?"]
[Date "2016.01.24"]
[Round "1.8"]
[White "Kjems Hove, NOR (2159), Esben"]
[Black "Brustrup Petersen, BRØ (2018), Steen"]
[Result "1/2-1/2"]
[BlackElo "2018"]
[WhiteElo "2159"]
[LiveChessVersion "1.4.6"]

1. d4 {[%clk 1:30:53]} Nf6 {[%clk 1:30:55]} 2. c4 {[%clk 1:29:51]} e6
{[%clk 1:31:15]} 3. Nf3 {[%clk 1:29:50]} d5 {[%clk 1:31:02]} 4. Nc3
{[%clk 1:29:07]} c6 {[%clk 1:31:23]} 5. Bg5 {[%clk 1:26:26]} dxc4
{[%clk 1:31:43]} 6. e4 {[%clk 1:25:18]} b5 {[%clk 1:32:07]} 7. e5
{[%clk 1:25:14]} h6 {[%clk 1:32:32]} 8. Bh4 {[%clk 1:25:35]} g5 {[%clk 1:32:56]}
9. Nxg5 {[%clk 1:25:51]} hxg5 {[%clk 1:33:20]} 10. Bxg5 {[%clk 1:26:16]} Nbd7
{[%clk 1:33:44]} 11. exf6 {[%clk 1:25:53]} Qb6 {[%clk 1:33:55]} 12. g3
{[%clk 1:23:03]} Bb7 {[%clk 1:34:18]} 13. Bg2 {[%clk 1:23:19]} c5
{[%clk 1:34:43]} 14. d5 {[%clk 1:16:01]} O-O-O {[%clk 1:34:41]} 15. O-O
{[%clk 1:15:37]} b4 {[%clk 1:34:42]} 16. dxe6 {[%clk 1:10:32]} Bxg2
{[%clk 1:21:42]} 17. Kxg2 {[%clk 1:09:43]} Qxe6 {[%clk 1:12:33]} 18. h4
{[%clk 1:08:29]} Ne5 {[%clk 1:03:54]} 19. Qe2 {[%clk 1:05:21]} bxc3
{[%clk 1:02:56]} 20. bxc3 {[%clk 1:05:45]} Bh6 {[%clk 0:49:03]} 21. f4
{[%clk 0:58:58]} Qd5+ {[%clk 0:43:43]} 22. Kh3 {[%clk 0:57:46]} Nd3
{[%clk 0:41:08]} 23. Qf3 {[%clk 0:54:27]} Qxf3 {[%clk 0:37:26]} 24. Rxf3
{[%clk 0:54:43]} Rde8 {[%clk 0:36:33]} 25. g4 {[%clk 0:52:16]} Bf8
{[%clk 0:33:34]} 26. a4 {[%clk 0:48:44]} Re2 {[%clk 0:31:13]} 27. h5
{[%clk 0:49:05]} Rc2 {[%clk 0:24:47]} 28. a5 {[%clk 0:46:11]} Rxc3
{[%clk 0:22:37]} 29. Kh4 {[%clk 0:45:55]} Rb3 {[%clk 0:22:05]} 30. a6
{[%clk 0:43:01]} Nb4 {[%clk 0:19:01]} 31. Rf2 {[%clk 0:42:39]} c3
{[%clk 0:17:53]} 32. Re2 {[%clk 0:42:47]} Bd6 {[%clk 0:16:09]} 33. Rd1
{[%clk 0:39:11]} c2 {[%clk 0:14:50]} 34. Rc1 {[%clk 0:34:54]} Rf3
{[%clk 0:13:33]} 35. Rcxc2 {[%clk 0:34:50]} Nxc2 {[%clk 0:13:40]} 36. Rxc2
{[%clk 0:35:15]} Ra3 {[%clk 0:08:18]} 37. h6 {[%clk 0:34:50]} Rxa6
{[%clk 0:07:33]} 38. f5 {[%clk 0:35:08]} Ra1 {[%clk 0:05:00]} 39. Bc1
{[%clk 0:34:47]} Rxc1 {[%clk 0:04:54]} 40. Rxc1 {[%clk 0:35:11]} Rxh6+
{[%clk 0:05:14]} 41. Kg5 {[%clk 0:35:27]} Rh8 {[%clk 0:03:37]} 42. Rc4
{[%clk 0:33:30]} Rh1 {[%clk 0:23:46]} 43. Re4 {[%clk 1:01:15]} Rd1
{[%clk 0:13:40]} 44. Re8+ {[%clk 0:59:37]} Kc7 {[%clk 0:13:47]} 45. Kh6
{[%clk 0:59:36]} c4 {[%clk 0:13:50]} 46. Re4 {[%clk 0:59:18]} Rc1
{[%clk 0:12:41]} 47. Kg7 {[%clk 0:58:54]} Kc6 {[%clk 0:12:50]} 48. g5
{[%clk 0:59:09]} Kd5 {[%clk 0:12:33]} 49. Re2 {[%clk 0:59:18]} Rf1
{[%clk 0:11:48]} 50. Kxf7 {[%clk 0:39:39]} Rxf5 {[%clk 0:10:43]} 51. Rd2+
{[%clk 0:37:26]} Ke5 {[%clk 0:09:31]} 52. Re2+ {[%clk 0:36:50]} Kd4
{[%clk 0:04:38]} 53. Re6 {[%clk 0:34:36]} Be5 {[%clk 0:01:30]} 54. g6
{[%clk 0:34:35]} c3 {[%clk 0:01:26]} 55. g7 {[%clk 0:34:42]} c2 {[%clk 0:01:43]}
56. g8=Q {[%clk 0:34:03]} c1=Q {[%clk 0:02:03]} 57. Qd8+ {[%clk 0:33:23]} Ke4
{[%clk 0:01:24]} 58. Qa5 {[%clk 0:28:40]} Rxf6+ {[%clk 0:00:40]} 59. Rxf6
{[%clk 0:29:00]} Bxf6 {[%clk 0:00:53]} 60. Qxa7 {[%clk 0:29:08]} Be5
{[%clk 0:00:55]} 61. Qa4+ {[%clk 0:28:06]} Bd4 {[%clk 0:01:13]} 62. Qa8+
{[%clk 0:27:56]} Kf4 {[%clk 0:01:25]} 63. Qb8+ {[%clk 0:27:55]} Be5
{[%clk 0:01:47]} 64. Qb6 {[%clk 0:27:39]} Qc4+ {[%clk 0:01:22]} 65. Ke7
{[%clk 0:27:55]} Kf5 {[%clk 0:01:26]} 66. Qf2+ {[%clk 0:27:46]} Bf4
{[%clk 0:01:45]} 67. Qb6 {[%clk 0:27:35]} Qe4+ {[%clk 0:01:31]} 68. Kd7
{[%clk 0:27:15]} Qd5+ {[%clk 0:01:46]} 69. Kc8 {[%clk 0:27:18]} Be5
{[%clk 0:01:32]} 70. Qg6+ {[%clk 0:25:45]} Kxg6 {[%clk 0:01:40]} 1/2-1/2